00783nam a2200241 a 4500001001300000003000900013005001700022008004100039020000900080082001500089100002800104245009700132260005700229300001000286500003500296505002400331650001200355700002800367902000800395942000700403952011400410999001700524nice12345678IN_TiNIC20260116014616.0050623s2005 seca grp 000 0 eng  ac8500a305.4bBAL aBalasubhramanyan, Vimal aThrough a Prism, Brightly; Conversation With Women on Religion, Spirituality and Communalism aSecunderabadbAsmita Resource Centre for Womenc2005 a107p. aincludes index and biblioraphy2 abibliography, index aFiction1 aBalasubhramanyan, Vimal bSRS cBK 001040708StackRoom-aHMIbHMId2007-04-30g85.00l0o305.4 BALp021401r2007-04-30v85.00w2005-06-23yBK c16214d16214